|
|
|
|
| LEADER |
00697cam a2200205 7i4500 |
| 001 |
0000015854 |
| 005 |
20170218090000.0 |
| 008 |
070620 eng |
| 020 |
|
|
|a 9780132757454
|
| 020 |
|
|
|a 0132757451 (hbk.)
|
| 090 |
0 |
0 |
|a QA152.2
|b .B55 1998
|
| 100 |
1 |
|
|a Blitzer, Robert
|
| 245 |
1 |
0 |
|a Introductory algebra for college students
|c Robert Blitzer.
|
| 250 |
|
|
|a 2nd ed.
|
| 260 |
|
|
|a Upper Saddle River, N.J.:
|b Prentice Hall,
|c 1998.
|
| 300 |
|
|
|a xxiv, 744 p.:
|b col. ill.;
|c 26 cm.
|
| 500 |
|
|
|a Includes index
|
| 650 |
0 |
0 |
|a Algebra
|
| 997 |
|
|
|a Communication, Visual Art & Computing, Faculty
|b Computing, Department
|
| 999 |
|
|
|a 0000022744
|b BOK
|c OPEN SHELF
|e 2nd Floor, Bestari Jaya
|